000
00311nam a2200121Ia 4500
008
240624s9999 xx 000 0 und d
041
_a
eng
082
_a
650 ICF
100
_a
ICFAI KNOWLEDGE CENTER
245
_a
CORPORATE GOVERNANCE AT MERCK
260
_c
2003
_a
Hyderabad
_b
ICFAI
300
_a
15 : p. : cm. ; 30
999
_c
11696
_d
11696